| 000 | 00773cam a22002415a 4500 | ||
|---|---|---|---|
| 999 |
_c26878 _d26850 |
||
| 005 | 20190917123430.0 | ||
| 008 | 930104t1993 njua fr 001 0 eng | ||
| 020 | _a0133957241 | ||
| 020 | _a9780133957242 | ||
| 040 |
_aDLC _beng _cDLC _dDLC _dEG-ScBUE _dEG-ScBUE |
||
| 082 | 0 | 4 |
_a621.381 _bJON _222 |
| 100 | 1 | _aJohnson, Howard W. | |
| 245 | 1 | 0 |
_aHigh-speed digital design : _ba handbook of black magic / _cHoward W. Johnson, Martin Graham. |
| 260 |
_aUpper Saddle River, N.J. : _bPrentice Hall, _cc.1993. |
||
| 300 |
_axi, 447 p. : _bill. ; _c24 cm. |
||
| 500 | _aIncludes index. | ||
| 650 | 7 |
_aDigital electronics. _2BUEsh _910844 |
|
| 650 | 0 |
_aLogic design _93913 |
|
| 651 | _2BUEsh | ||
| 653 |
_bENGELC _cOctober2018 |
||
| 700 | 1 |
_aGraham, Martin, _d1926- |
|
| 942 | _2ddc | ||